Prescripción extintiva laboral ante la jurisprudencia

Salvato in:
Dettagli Bibliografici
Autore principale: Bustos Gómez, Ricardo Hernán (Autore)
Natura: Libro
Lingua:spagnolo
Pubblicazione: Santiago El Jurista 2015
Valparaíso Prolibros 2015
Edizione:1a. ed
Serie:Colección Clásicos de Derecho
Soggetti:
Tags: Aggiungi Tag
Nessun Tag, puoi essere il primo ad aggiungerne!!

MARC

LEADER 00000cam a2200000 a 4500
001 UCE6197
003 CL-VaPUC
008 150326e20150000cl |||||||||||||||||spa|d
020 |a 9789568839758o.c 
020 |a 9789568839765t.1 
020 |a 9789568839772t.2 
020 |a 9789568839789t.3 
082 0 4 |a 344.01  |b BUS  |2 21 
100 0 |a Bustos Gómez, Ricardo Hernán  |e author  |9 578821 
245 1 0 |a Prescripción extintiva laboral ante la jurisprudencia 
250 |a 1a. ed 
300 |a t 
942 |c BK 
945 |d 20150326 13:02:00  |a arojas 
260 |a Santiago  |b El Jurista  |c 2015 
260 |a Valparaíso  |b Prolibros  |c 2015 
650 7 |a PRESCRIPCION EXTINTIVA LABORAL  |2 CL-VaPUC  |9 578822 
650 7 |a DERECHO LABORAL  |2 CL-VaPUC  |9 15 
650 0 |a Trabajadores  |9 260887 
650 0 |a Jurisprudencia  |9 255952 
650 0 |a Término del contrato de trabajo  |9 388598 
650 7 |a CONTRATO DE TRABAJO  |2 CL-VaPUC  |9 578823 
583 |a last modification  |c 20170803 01:39:30  |k Rodrigo Vera 
490 0 |a Colección Clásicos de Derecho 
999 |c 358583  |d 358581 
952 |0 0  |1 0  |3 erb  |4 0  |6 344_010000000000000_BUS_2015_2015  |7 0  |8 A  |9 467395  |a BIBDER  |b BIBDER  |h t.1  |i 5142792  |o 344.01 BUS 2015 2015  |p 5142792  |r 2023-01-25  |w 2019-11-23  |y BK  |z Catalogado en:20150326  |k DER 
952 |0 0  |1 0  |3 erb  |4 0  |6 344_010000000000000_BUS_2015_2015  |7 0  |8 A  |9 467396  |a BIBDER  |b BIBDER  |h t.2  |i 5142806  |o 344.01 BUS 2015 2015  |p 5142806  |r 2023-01-25  |w 2019-11-23  |y BK  |z Catalogado en:20150326  |k DER 
952 |0 0  |1 0  |3 erb  |4 0  |6 344_010000000000000_BUS_2015_2015  |7 0  |8 A  |9 467397  |a BIBDER  |b BIBDER  |h t.3  |i 5142814  |o 344.01 BUS 2015 2015  |p 5142814  |r 2023-01-25  |w 2019-11-23  |y BK  |z Catalogado en:20150326  |k DER